000 00606nam a2200181Ia 4500
008 090124s9999 xx 000 0 und d
082 _b25438
100 _aबनारसे वि. ब.
245 _a असं घडायला नको होतं
250 _a1
260 _bअजिंक्य प्रकाशन
_c1986
300 _a147
600 _aबनारसे वि. ब.
630 _a असं घडायला नको होतं
700 _aबनारसे वि. ब.
730 _a असं घडायला नको होतं
942 _cBOOK
999 _c93102
_d93102